Districts of Seoul - Statistics

General Stats
  • This quiz has been taken 107 times
  • The average score is 15 of 25
Answer Stats
Answer % Correct
Gangnam-gu/강남구
98%
Mapo-gu/마포구
72%
Jongno-gu/종로구
70%
Dongdaemun-gu/동대문구
68%
Gangbuk-gu/강북구
64%
Yongsan-gu/용산구
64%
Gangseo-gu/강서구
62%
Jung-gu/중구
62%
Songpa-gu/송파구
62%
Seocho-gu/서초구
60%
Seodaemun-gu/서대문구
60%
Dobong-gu/도봉구
58%
Gangdong-gu/강동구
58%
Eunpyeong-gu/은평구
56%
Nowon-gu/노원구
56%
Yeongdeungpo-gu/영등포구
56%
Guro-gu/구로구
54%
Gwangjin-gu/광진구
54%
Yangcheon-gu/양천구
52%
Dongjak-gu/동작구
50%
Seongbuk-gu/성북구
50%
Gwanak-gu/관악구
48%
Seongdong-gu/성동구
48%
Geumcheon-gu/금천구
42%
Jungnang-gu/중랑구
42%
No matching quizzes found
Score Distribution
Percent of People with Each Score
Percentile by Number Answered
Your Score History
You have not taken this quiz